000 01619cam a22004457i 4500
001 19137631
003 OSt
005 20180427181550.0
008 160615s2016 stka b 001 0 eng
010 _a 2016304368
016 7 _a101674749
_2DNLM
020 _a9780443101151
035 _a(OCoLC)ocn912476778
040 _aNLM
_beng
_cNLM
_erda
_dYDXCP
_dOOJ
_dLTSCA
_dOCLCF
_dNLM
_dDLC
042 _anlmcopyc
_alccopycat
082 _aWB 541
_bC347p 2008
100 1 _aChaitow, Leon,
_98356
245 1 0 _aPositional Release Techniques
250 _a3rd.ed
264 1 _aEdinburgh ;
_aNew York :
_bElsevier,
_c2008
300 _axviii, 251 pages :
_billustrations ;
_c25 cm
336 _atext
_btxt
_2rdacontent
337 _aunmediated
_bn
_2rdamedia
338 _avolume
_bnc
_2rdacarrier
490 1 _aAdvanced soft tissue techniques
504 _aIncludes bibliographical references and index.
650 0 _aOsteopathic medicine.
_910660
650 0 _aMyalgia
_xTreatment.
_910661
650 0 _aManipulation (Therapeutics)
_9247
650 0 _aSoft tissue injuries.
_910662
650 0 _aMusculoskeletal system
_xWounds and injuries
_xPhysical therapy.
_92840
650 1 2 _aManipulation, Orthopedic
_xmethods
_910663
650 1 2 _aManipulation, Osteopathic
_xmethods
_910664
650 7 _aPositional Release Therapy.
_2chirosh
_910665
650 7 _aManipulation (Therapeutics)
_2fast
_0(OCoLC)fst01007737
_9247
830 0 _aAdvanced soft tissue techniques.
_910666
906 _a7
_bcbc
_ccopycat
_d2
_encip
_f20
_gy-gencatlg
942 _2z
_cO_SHELF
999 _c4982
_d4982